000 01033nam0a22002411i 4500
001 rc\26608
005 20240726100247.0
035 _a(NLR Aleph) 008766046
090 _a7894772
_c7894772
100 _a20021216d1991 u |0rusy50 ca
101 0 _arus
102 _aRU
105 _ay |||||||||
200 1 _aКонституция - основной закон государства
_eК разработке и обсуждению проекта Конституции ЛНДР
_eАвтореф. дис. на соиск. учен. степ. канд. юрид. наук
_e(12.00.02)
_fАкад. обществ. наук ЦК КПСС
210 _aМ.
_d1991
_gПМБ АОН ЦК КПСС
215 _a18 с.
601 0 2 _aЛаосская Народно-Демократическая Республика
_bКонституция
_2nlr_sh1
700 0 _aМунтхалавонг Сила
801 0 _aRU
_bNLR
_gpsbo
801 1 _aRU
_bELAR
_2rusmarc
801 2 _aRU
_bNLR
_c20050523
_2rusmarc
852 _aNLR
_jА91/6996
942 _cBOOK